01533nam0a22002531 4500001001100000005001700011021001900028035002600047100004100073101000800114102000700122105001800129200045500147210003200602215001500634320004800649606011500697606012900812702006100941710021701002801001801219801002201237852002001259rc\474808920260407041654.0 aRUb[62-50960] a(NLR Aleph) 009008639 a20130417d1962 |||y0rusy50 ca0 arus aRU ay z |||||1 aЭкономические исследования в области добычи и транспортирования угля гидравлическим способомeКраткий науч. отчетfРуководитель работы д-р техн. наук П.З. ЗвягинgИн-т горного дела им. А.А. Скочинского. Лаборатория комплексных гидро-экон. проблем aМоскваcБ. и.d1962 a43 с.d21 aБиблиогр.: с. 41-43 (26 назв.) aУгольxГидротранспортxТехнико-экономические показатели2psbo aУгледобычаxГидромеханизацияxТехнико-экономические показатели2psbo 1aЗвягинbП.З.gПавел Захарович457002aИнститут горного дела им. А.А.СкочинскогоcМоскваbЛаборатория комплексных горноэкономических проблем3RU\NLR\AUTH\8810013816 0aRUbNLRgpsbo 1aRUbELAR2rusmarc aNLRj62-4/12358